<?xml version="1.0" encoding="UTF-8"?>
<record
    xmlns:xsi="http://www.w3.org/2001/XMLSchema-instance"
    xsi:schemaLocation="http://www.loc.gov/MARC21/slim http://www.loc.gov/standards/marcxml/schema/MARC21slim.xsd"
    xmlns="http://www.loc.gov/MARC21/slim">

  <leader>01991nam a22002537a 4500</leader>
  <controlfield tag="003">0</controlfield>
  <controlfield tag="005">20241019132944.0</controlfield>
  <controlfield tag="008">241019b        xxu||||| |||| 00| 0 eng d</controlfield>
  <datafield tag="020" ind1=" " ind2=" ">
    <subfield code="a">9789811272875</subfield>
  </datafield>
  <datafield tag="050" ind1=" " ind2=" ">
    <subfield code="a">HD 75.6</subfield>
    <subfield code="b">.K37 2024</subfield>
  </datafield>
  <datafield tag="100" ind1=" " ind2=" ">
    <subfield code="a">Kaplan, Scott,</subfield>
    <subfield code="e">author.</subfield>
  </datafield>
  <datafield tag="245" ind1=" " ind2=" ">
    <subfield code="a">Environmental and Resource Economics :</subfield>
    <subfield code="b">theory and practice /</subfield>
    <subfield code="c">Scott Kaplan, David Wells Roland-Holst, David Zilberman.</subfield>
  </datafield>
  <datafield tag="260" ind1=" " ind2=" ">
    <subfield code="a">Singapore :</subfield>
    <subfield code="b">World Scientific Publishing Co. Pte. Ltd.,</subfield>
    <subfield code="c">2024.</subfield>
  </datafield>
  <datafield tag="300" ind1=" " ind2=" ">
    <subfield code="a">xv, 372 p. :</subfield>
    <subfield code="b">ill. ;</subfield>
    <subfield code="c">23 cm.</subfield>
  </datafield>
  <datafield tag="440" ind1=" " ind2=" ">
    <subfield code="a"> </subfield>
  </datafield>
  <datafield tag="490" ind1=" " ind2=" ">
    <subfield code="a">World scientific lecture notes in economics and policy,</subfield>
    <subfield code="v">Vol. 17</subfield>
  </datafield>
  <datafield tag="504" ind1=" " ind2=" ">
    <subfield code="a">includes index.</subfield>
  </datafield>
  <datafield tag="520" ind1=" " ind2=" ">
    <subfield code="a">"Modern society is currently facing a cascade of environmental crises. Moving forward, it will be the job of current and future generations to develop sound and creative approaches to addressing them. This book attempts to provide insight into the ways in which society can confront modern agricultural, environmental, and resource challenges. In particular, it provides an economic lens with which to examine and confront these issues. The first part of the book introduces a general economic framework that can be used to analyze these issues. Subsequent chapters rely on this framework to introduce and explain specific concepts in agricultural, environmental, and resource economics, including (but not limited to) non-renewable and renewable resource management, pesticide use, and climate change. The book develops quantitative tools that the readership can use to analyze and better understand the complexities of these challenges. Each chapter includes specific applications, and an accompanying Appendix includes a longer list of practice problems that can be brought into courses as exercises"--Provided by publisher.</subfield>
  </datafield>
  <datafield tag="650" ind1=" " ind2=" ">
    <subfield code="a">Environmental economics.</subfield>
  </datafield>
  <datafield tag="650" ind1=" " ind2=" ">
    <subfield code="a">Sustainable development.</subfield>
  </datafield>
  <datafield tag="700" ind1=" " ind2=" ">
    <subfield code="a">Roland-Holst, David W.,</subfield>
    <subfield code="e">author.</subfield>
  </datafield>
  <datafield tag="700" ind1=" " ind2=" ">
    <subfield code="a">Zilberman, David,</subfield>
    <subfield code="e">author.</subfield>
  </datafield>
  <datafield tag="942" ind1=" " ind2=" ">
    <subfield code="2">lcc</subfield>
    <subfield code="c">BK</subfield>
  </datafield>
  <datafield tag="999" ind1=" " ind2=" ">
    <subfield code="c">366603</subfield>
    <subfield code="d">366603</subfield>
  </datafield>
  <datafield tag="952" ind1=" " ind2=" ">
    <subfield code="0">0</subfield>
    <subfield code="1">0</subfield>
    <subfield code="2">lcc</subfield>
    <subfield code="4">0</subfield>
    <subfield code="a">CL</subfield>
    <subfield code="b">CL</subfield>
    <subfield code="c">RES</subfield>
    <subfield code="d">2024-10-19</subfield>
    <subfield code="e">Library Fund</subfield>
    <subfield code="l">0</subfield>
    <subfield code="o">HD 75.6 .K37 2024</subfield>
    <subfield code="p">C23852</subfield>
    <subfield code="r">2024-10-19 00:00:00</subfield>
    <subfield code="w">2024-10-19</subfield>
    <subfield code="y">BK</subfield>
  </datafield>
</record>
